000
00250nam a22000857a 4500
008
160705b xxu||||| |||| 00| 0 eng d
100
_9
2084
_a
Das, I., et al
245
_a
The World of Turtles and Crocodiles
260
_a
New Delhi
_b
National Book Trust
_c
1993
999
_c
1780
_d
1780